00412nam a2200157Ia 45000010006000000050017000060080041000230410008000640820016000721000036000882450077001242600009002013000028002106500008002386540008002462276120260414150852.0260414t2017||||xx |||||||||||||| ||spa|| aESP a621.47bP57 aPilatowsky Figueroa, IsaaceAUT 0aSistemas de calentamiento solar de agua :buna guía para el consumidor c2017 a111 páginas :c23 cm. aTCA aCET